MS Word 97. Změny a programování /

Saved in:
Bibliographic Details
Main Author: Kukučka, Ján (Author)
Format: Book
Language:Czech
Published: Neuvedené : GComp, 1997
Edition:1. vyd.
Tags: Add Tag
No Tags, Be the first to tag this record!

MARC

LEADER 00000nam a22000003a 4500
001 stu33191
005 20150617225733.5
008 980629s1997----xr------------------cze-d
020 |a 80-85649-64-0 
040 |a STU  |b slo 
041 0 |a cze 
044 |a xr 
080 |a 681.3.066WORD 97 
100 1 |a Kukučka, Ján  |4 aut 
245 1 |a MS Word 97. Změny a programování /  |c [aut.] Kukučka,Ján 
250 |a 1. vyd. 
260 |a Neuvedené :  |b GComp,  |c 1997 
300 |a 209 s 
996 |b J94065  |c J*94065  |l JJSK  |s A  |a 24  |w stu33191_0001